References on cooperatives

Furkejuvvon:
Bibliográfalaš dieđut
Materiálatiipa: Girji
Giella:eaŋgalasgiella
Almmustuhtton: Tokio Kanawaga International Fisheries Training Centre 1991
Fáttát:
Fáddágilkorat: Lasit fáddágilkoriid
Eai fáddágilkorat, Lasit vuosttaš fáddágilkora!

MARC

LEADER 00000nam a2200000 a 4500
001 UCZ2816
003 CL-VaPUC
008 951013e19910000JA |||||||||||||||||eng|d
082 0 4 |a 639.2  |b REF  |2 21 
245 1 0 |a References on cooperatives 
300 |a 112 p 
942 |c BK 
945 |d 19951013 00:00:00  |a rbrito 
260 |a Tokio  |b Kanawaga International Fisheries Training Centre  |c 1991 
650 7 |a INDUSTRIA PESQUERAS  |2 CL-VaPUC  |9 346586 
650 7 |a COOPERATIVAS PESQUERAS  |2 CL-VaPUC  |9 345774 
650 0 |a Congresos  |9 257560 
650 0 |a Educación de adultos  |9 307580 
650 0 |a Cooperativas agrícolas  |9 346587 
583 |a last modification  |c 19951013 00:00:00  |k Rodrigo Vera 
999 |c 239368  |d 239366